1731 1858 1670 1447 1214 1549 1340 1390 1689 1332 1231 1291 1239 1458 1773 1571 1769 1192 1441 1254 1748 1618 1726 1471 1823 1580 1377 1156 1742 1955 1496 1017 1955 1704 1850 1050 1762 1685 1676 1903 1959 1551 1354 1953 1323 1611 1432 1084 1838 1782 1747 1284 1501 1997 1124 1675 1381 1418 1935 1832 1277 1077 1070 1095 1951 1596 1709 1205 1849 1386 1100 1055 1286 1217 1845 1478 1491 1831 1717 1470 1803 1365 1947 1721 1773 1769 1167 1355 1298 1675 1622 1263 1708 1674 1019 1092 1210 1333 1027 BCNSPRNW ULIB Ver.6.0+V

เปลี่ยนเป็นภาษาไทย

Change to English
 แสดงรายละเอียดบรรณานุกรม
  กลับหน้าหลัก

Brief Record : Get Marc (ISO 2709) : E-mail record : QR code < ปิดหน้าต่าง
LEADER : 00000nam 2200000uu 4500
001    13399109114
003     ULIB
008    110322s2553||||th 000 0 tha d
020    9789744141156
041 0  tha^heng
050  4 HD66^bอ897ก 2553
100 0  เอปสไตน์, โรเบิร์ต
245 10 เกมและกิจกรรมสร้างแรงจูงใจทีมงาน! =^bThe big book ofmotivation games /^cผู้เขียน โรเบิร์ต เอปสไตน์, เจสสิก้า โรเจอรส์ ; ผู้แปล ณัฐวรรธน์ กิจรัตนโกศล
246 31 Big bank of motivation games
250    พิมพ์ครั้งที่ 2
260    กรุงเทพฯ :^bเอ็กซเปอร์เน็ท,^c2553
300    215 หน้า ;^c21 ซม.
650  7 กลุ่มทำงาน
650  7 การบริหารงานบุคคล
650  7 การจูงใจ (จิตวิทยา)
650  7 ลูกจ้าง^xการฝึกอบรม
700 0  ณัฐวรรธน์ กิจรัตนโกศล,^eผู้แปล
700 1  โรเจอรส์, เจสสิก้า
700 1  Epstein, Robert
700 1  Rogers, Jessica
945    ^p185^l0^i029908
945    ^p185^l0^i029907
995    เกษร
999 ^a ใช้งานได้ทุกระบบ
รายการนี้ยังไม่มีแท็ก
คุณยังไม่ได้ล็อกอิน คุณสามารถมีกิจกรรมร่วมกับเว็บไซต์ได้ แต่ต้องล็อกอินก่อน ::
  ล็อกอิน

รายการสื่อสารสนเทศ

ลำดับที่ ประเภท เลขเรียก/บาร์โค้ด สถานที่ สถานะ
1. การศึกษาทั่วไป
การศึกษาทั่วไป
HD66 อ897ก 2553 ฉ.1 
  Barcode: 029907
ห้องสมุดวิทยาเขตนครสวรรค์
►หนังสือทั่วไป:l:General Books
บนชั้น
2. การศึกษาทั่วไป
การศึกษาทั่วไป
HD66 อ897ก 2553 ฉ.2 
  Barcode: 029908
ห้องสมุดวิทยาเขตนครสวรรค์
►หนังสือทั่วไป:l:General Books
บนชั้น

รายการใกล้เคียง
    ผู้แต่ง [เอปสไตน์, โรเบิร์ต]

    หัวเรื่อง [กลุ่มทำงาน]
    หัวเรื่อง [การบริหารงานบุคคล]
    หัวเรื่อง [การจูงใจ (จิตวิทยา)]

BibComment


ยังไม่เคยถูกคอมเมนท์

คอมเมนท์ทรัพยากรรายการนี้
  คอมเมนท์: เกมและกิจกรรมสร้า..


 Copyright 2026. Bcnsprnw @Library